| 000 | 05891cam a22018974i 4500 | ||
|---|---|---|---|
| 003 | PE-LiUPU | ||
| 005 | 20250813165752.0 | ||
| 008 | 150706s2006 xxua rb 000 0 spa d | ||
| 035 | _a(Sirsi) a47926 | ||
| 040 |
_aPE-LiUPU _bspa _cPE-LiUPU _dPE-LiUPU _erda |
||
| 049 | _aPRUA | ||
| 082 | 0 | 4 |
_a613 _bO65 _221 |
| 082 | 0 | 4 |
_a302.207 _bO65 2006 |
| 110 | 2 | _aOrganización Panamericana de la Salud | |
| 245 | 1 | 0 |
_aHerramientas de comunicación para el desarrollo de entornos saludables / _cOrganización Panamericana de la Salud. |
| 264 | 1 |
_aWashington : _bOPS/OMS, _c2006. |
|
| 300 |
_a248 páginas : _bilustraciones ; _c25 centímetros. |
||
| 336 |
_atext _2rdacontent |
||
| 337 |
_aunmediated _2rdamedia |
||
| 338 |
_avolume _2rdacarrier |
||
| 490 | 0 |
_aPALTEX para Ejecutoras de Programas de Salud ; _v46 |
|
| 504 | _aIncluye referencias bibliográficas. | ||
| 505 | 0 | _aMarco conceptual -- Municipios, escuelas y lugares de trabajo saludable. Experiencias exitosas en la región de las Américas -- Comunicación para le desarrollo de entornos saludables -- Medios y materiales para la comunicación en la construcción de entornos saludables -- Evaluación de la comunicación para el desarrollo de entornos saludables -- Evaluación de la comunicación para el desarrollo de entornos saludables -- Hitos relevantes de la estrategia de promoción de la salud -- modelos teóricos más utilizados para promover los cambios de comportamientos en materia de salud -- Conferencias de Bellagio de 1997. Puntos relevantes y declaración de principios -- Metodología de habilidades para la vida: breve reseña -- Cómo planificar una campaña de cabildeo -- Cuestionario sobre uso de los medios de comunicación -- Síntesis de métodos cualitativos y participativos de investigación en comunicación para el cambio social. | |
| 526 | _aP203 | ||
| 526 | _aP200 | ||
| 526 | _aSEG65 | ||
| 526 | _aSEG64 | ||
| 526 | _aSEG63 | ||
| 526 | _aSEG62 | ||
| 526 | _aSEG61 | ||
| 526 | _aSEG60 | ||
| 526 | _aSEG59 | ||
| 526 | _aSEG58 | ||
| 526 | _aSEG57 | ||
| 526 | _aSEG56 | ||
| 526 | _aSEG55 | ||
| 526 | _aSEG54 | ||
| 526 | _aSEG53 | ||
| 526 | _aSEG52 | ||
| 526 | _aSEG51 | ||
| 526 | _aSEG50 | ||
| 526 | _aSEG49 | ||
| 526 | _aSEG48 | ||
| 526 | _aSEG47 | ||
| 526 | _aSEG46 | ||
| 526 | _aSEG24 | ||
| 526 | _aSEG23 | ||
| 526 | _aSEG22 | ||
| 526 | _aSEG21 | ||
| 526 | _aSEG20 | ||
| 526 | _aSEG19 | ||
| 526 | _aSEG18 | ||
| 526 | _aSEG17 | ||
| 526 | _aSEG16 | ||
| 526 | _aSEG14 | ||
| 526 | _aSEG13 | ||
| 526 | _aSEG12 | ||
| 526 | _aSEG11 | ||
| 526 | _aSEG10 | ||
| 526 | _aSEG09 | ||
| 526 | _aSEG06 | ||
| 526 | _aSEG05 | ||
| 526 | _aSEG04 | ||
| 526 | _aSEG03 | ||
| 526 | _aSEG02 | ||
| 526 | _aSEG68 | ||
| 526 | _aSEG66 | ||
| 526 | _aSEG45 | ||
| 526 | _aSEG25 | ||
| 526 | _aSEG01 | ||
| 526 | _aP163 | ||
| 526 | _aP162 | ||
| 526 | _aP161 | ||
| 526 | _aP160 | ||
| 526 | _aP159 | ||
| 526 | _aP158 | ||
| 526 | _aP157 | ||
| 526 | _aP156 | ||
| 526 | _aP155 | ||
| 526 | _aP154 | ||
| 526 | _aP153 | ||
| 526 | _aP152 | ||
| 526 | _aP151 | ||
| 526 | _aP150 | ||
| 526 | _aP149 | ||
| 526 | _aP142 | ||
| 526 | _aP141 | ||
| 526 | _aP140 | ||
| 526 | _aP139 | ||
| 526 | _aP138 | ||
| 526 | _aP137 | ||
| 526 | _aP132 | ||
| 526 | _aP131 | ||
| 526 | _aP130 | ||
| 526 | _aP126 | ||
| 526 | _aP125 | ||
| 526 | _aP124 | ||
| 526 | _aP123 | ||
| 526 | _aP115 | ||
| 526 | _aP122 | ||
| 526 | _aP121 | ||
| 526 | _aP116 | ||
| 526 | _a P114 | ||
| 526 | _aP112 | ||
| 526 | _aP111 | ||
| 526 | _aP104 | ||
| 526 | _aP103 | ||
| 526 | _aP102 | ||
| 526 | _aP101 | ||
| 526 | _aP100 | ||
| 526 | _aP96 | ||
| 526 | _aP95 | ||
| 526 | _aP93 | ||
| 526 | _aP92 | ||
| 526 | _aP91 | ||
| 526 | _aP88 | ||
| 526 | _aP83 | ||
| 526 | _aP82 | ||
| 526 | _aP79 | ||
| 526 | _aP78 | ||
| 526 | _aP75 | ||
| 526 | _aP74 | ||
| 526 | _aP71 | ||
| 526 | _aP69 | ||
| 526 | _a P51 | ||
| 526 | _aP49 | ||
| 526 | _aP48 | ||
| 526 | _aP47 | ||
| 526 | _aP33 | ||
| 526 | _aP31 | ||
| 526 | _a P30 | ||
| 526 | _aP29 | ||
| 526 | _aP27 | ||
| 526 | _aP26 | ||
| 526 | _aP25 | ||
| 526 | _aP24 | ||
| 526 | _a P22 | ||
| 526 | _aP10 | ||
| 526 | _aP09 | ||
| 526 | _a P08 | ||
| 526 | _aP06 | ||
| 526 | _aP05 | ||
| 526 | _aP04 | ||
| 526 | _aP01 | ||
| 541 | _g07700853; | ||
| 541 | _g001-0002802; | ||
| 650 | 0 | 4 |
_aPromoción de la salud. _9928 |
| 650 | 0 | 4 | _aCounicación en salud. |
| 650 | 0 | 4 | _aMedio de comunicación de masas. |
| 910 |
_agl _bjv _cng _d20091119 |
||
| 942 |
_2ddc _cBOOK |
||
| 949 |
_a613 O _wDEWEY _c1 _i60869 _lCCODEBUL1 _mBUL _p09.00 _r0 _sY _tLIBRO _u2015-07-06 _xTEOLOGIA _zUNKNOWN _o.STAFF. Colección Ciencias de la Salud |
||
| 949 |
_a613.53022 O _wDEWEY _c2 _i60730 _lCCODEBUL1 _mBUL _p10.00 _r0 _sY _tLIBRO _u2015-07-06 _xINGENIERIA _PP26 _o.STAFF. Colección Ciencias de la Salud |
||
| 949 |
_a302.207 O65 2006 _wDEWEY _c1 _iFJ09840 _lCCODEBUJ1 _mBUJ _p9.00 _r0 _sY _tBOOK _u2017-12-11 _xEDUCACIÓN _PP20 _0COMPRA _o.STAFF. Colección General Juliaca |
||
| 994 |
_aC0 _bPEPRU |
||
| 596 | _a1 3 | ||
| 999 |
_a613 O65 _wDEWEY _c50121 _i60869 _d50121 _e2018-6-17 _f2021-11-4 _g5 _kLOST-CLAIM _lCCODEBUL1 _mBUL _n4 _p9.00 _r0 _sY _tBOOK _u2015-7-6 _xSALUD _zUNKNOWN _0COMPRA _o.STAFF. Colección Ciencias de la Salud |
||
| 999 |
_a613 O65 _wDEWEY _c2 _i60730 _d2018-9-12 _e2018-9-4 _f2021-11-3 _g3 _lCCODEBUL1 _mBUL _n1 _p10.00 _q1 _r0 _sY _tBOOK _u2018-8-29 _xSALUD _zUNKNOWN _0COMPRA _o.STAFF. Colección Ciencias de la Salud |
||
| 999 |
_a302.207 O65 2006 _wDEWEY _c1 _iFJ09840 _d2019-5-3 _f2022-1-17 _g3 _lCCODEBUJ1 _mBUJ _p9.00 _q1 _r0 _sY _tBOOK _u2015-12-10 _xSALUD _PP33 _0COMPRA _o.STAFF. Colección General Juliaca |
||
| 980 |
_81 _gALBERTO SANCHEZ Responsable de Automatización |
||